000
00302pam a2200133 a 4500
020
_c
041
_h
082
_a
614
_b
WHO
100
_a
WHO.
245
_a
International travel and health
_h
Textual Documents
260
_a
[s.l]:
_b
World Health Organization ,
_c
2011.
300
_a
254.
930
_a
9757
999
_c
9750
_d
9750